Flags of English-Speaking Countries - Statistics

General Stats
  • This quiz has been taken 200 times
  • The average score is 15 of 18
Answer Stats
Picture Answer % Correct
Canada
100%
United Kingdom
99%
New Zealand
98%
United States
98%
Australia
96%
Ireland
95%
Jamaica
93%
Barbados
81%
Bahamas
80%
Dominica
73%
Antigua & Barbuda
71%
Belize
71%
Trinidad & Tobago
71%
Grenada
70%
St Lucia
70%
St Vincent and the Grenadines
69%
St Kitts and Nevis
68%
Guyana
67%
No matching quizzes found
Score Distribution
Percent of People with Each Score
Percentile by Number Answered
Your Score History
You have not taken this quiz